000 00568nam a22001577a 4500
999 _c8315
_d8316
008 190814b ||||| |||| 00| 0 eng d
020 _a9780763734213
082 _a362.1 SKO
100 _aSkolnik, Richard L.
245 _aEssentials of global health
260 _aSudbury, Mass. :
_bJones and Bartlett Publishers,
_c2008.
300 _a xxvi, 322 p. :
_bill., maps ;
_c28 cm.
500 _a Includes bibliographical references and index.
650 _aWorld health. Public health--Developing countries. Public health--International cooperation.
942 _2ddc